| Поле | Инд. | ПП | Название | Значение |
|---|---|---|---|---|
| Тип записи | a | |||
| Библиографический уровень | b | |||
| 001 | Контрольный номер | RU/IS/BASE/212252473 | ||
| 005 | Дата корректировки | 20200601191447.7 | ||
| 008 | Кодируемые данные | 20060922 | ||
| 040 | b | Код языка каталог. | rus | |
| e | Правила каталог. | PSBO | ||
| 041 | 0_ | a | Код языка текста | rus |
| 084 | a | Индекс другой классификации/Индекс ББК | 60.542.18; 60.73(0)6 | |
| 100 | 1_ | a | Автор | Кухтевич Т. Н. |
| q | Полное имя | Кухтевич Татьяна Николаевна | ||
| 100 | 1_ | a | Автор | Добрынина В. И. |
| q | Полное имя | Добрынина Валентина Ивановна | ||
| 245 | 10 | a | Заглавие | Постарение населения Земли как социокультурная проблема |
| 504 | a | Библиография | Библиогр. ссылки | |
| 650 | a | Основная рубрика | демография | |
| a | Основная рубрика | народонаселение | ||
| a | Основная рубрика | социология | ||
| a | Основная рубрика | социология групп | ||
| 653 | a | Ключевые слова | иммиграция | |
| a | Ключевые слова | население | ||
| a | Ключевые слова | пожилые люди | ||
| a | Ключевые слова | постиндустриальное общество | ||
| a | Ключевые слова | рождаемость | ||
| a | Ключевые слова | старение населения | ||
| 773 | 0_ | t | Заглавие источника | Вестник Московского университета. Серия 18, Социология и политология |
| d | Дата издания источника | 2006 | ||
| g | Прочая информация | № 3. - С. 3 - 10 | ||
| w | Контрольный № источника | RU/IS/BASE/211298150 | ||
| 901 | t | Тип документа | b |